| 000 | 00686aas a2200217 4500 | ||
|---|---|---|---|
| 999 |
_c3733 _d3733 |
||
| 003 | BR-BrBNA | ||
| 005 | 20230317233905.0 | ||
| 007 | ta | ||
| 008 | 230119b bl ||||| |||| 00| 0 por d | ||
| 035 | _a000485-5 | ||
| 040 |
_aBR-BrBNA _bPor _cBR-BrBNA |
||
| 042 | _a072097-6 | ||
| 044 | _abl | ||
| 245 | _aSérie Miscelânea - Comissão Executiva do Plano da Lavoura Cacaueira (Brazil) | ||
| 260 |
_aItabuna-BA _bComissão Executiva do Plano de Lavoura Cacaueira _c1973. Data final de publicação em 1974 _eBBA |
||
| 270 | _aRod. Ilheus/Itabuna Km 22 - Caixa Postal 7, Cep: 45600 | ||
| 310 | _airregular | ||
| 505 | _a1973 (1,5-6); 1974 (7); | ||
| 909 |
_a56 _bSergio Santos _c56 _dSergio Santos |
||
| 942 |
_cCR _2AGRIS |
||